Viladecans : Ciutat de progrés = Ciudad de progreso, 1979-1999 Ciutat de progrés = Ciudad de progreso, 1979-1999
Descripción Física:
[111] p. : principalment il, col. ; 31'5 cm
Materias:
Viladecans
MARC
| LEADER | 00000nam a2200000Ia 4500 | ||
|---|---|---|---|
| 001 | 12533 | ||
| 008 | 160829s2000 xx 000 0 cat d | ||
| 080 | |a FOL-1-74 | ||
| 245 | |a Viladecans : |b Ciutat de progrés = Ciudad de progreso, 1979-1999 | ||
| 260 | |a Viladecans : |b Ajuntament, |c 2000 | ||
| 300 | |a [111] p. : |b principalment il, col. ; |c 31'5 cm | ||
| 590 | |a Edició commemorativa dels 20 anys d'ajuntaments democràtics | ||
| 651 | 0 | |a Viladecans |9 50677 | |
| 710 | 1 | |a Viladecans (Catalunya). |b Ajuntament |9 54292 | |
| 901 | |a Arxiu | ||
| 942 | |n 1 | ||
| 952 | |0 0 |1 0 |4 0 |6 FOL174 |7 1 |9 42122 |a Arxiu |b Arxiu |d 2016-12-01 |l 0 |o FOL-1-74 |p 12533 |r 2016-12-01 00:00:00 |w 2016-12-01 |y ARXIU | ||
| 999 | |c 44569 |d 44569 | ||